Geschichte Westfalens - Statistiken

Allgemein
  • Dieses Quiz wurde 21 mal gespielt
  • Das Durchschnittsergebnis liegt bei 9 aus 24
Antwortstatistiken
Hint Antwort % Korrekt
Dieser Krieg wurde durch Friedensverträge 1648 in Münster und Osnabrück beendet Dreißigjähriger Krieg
89%
Im Hochmittelalter besiedelten viele junge Menschen aus Westfalen ostdeutsche bzw. slavische Gebiete. Dieser Verlust an junger Bevölkerung könnte in ein Märchen von einem Rattenfänger eingeflossen sein, der sich in dieser Stadt betätigt haben soll Hameln
78%
Die Erzbischöfe dieser Stadt herrschten seit dem Mittelalter bis 1803 auch über das Herzogtum Westfalen Köln
78%
Welches waren die beiden einzigen freien Reichsstädte Westfalens? Dortmund
61%
In dieser Stadt fand 777 die erste Reichsversammlung (Vorläufer der Reichstage) statt und hier wurde 1614 die erste westfälische Universität gegründet Paderborn
61%
Bedeutendes Kloster auf dem Gebiet des heutigen Höxter; UNESCO-Weltkulturerbe Corvey
50%
(Hessische) Hauptstadt des Königreichs Westfalen Kassel
50%
Aus Westfalen stammender sächsischer Herzog, der in den Sachsenkriegen der Hauptgegner der Franken war, bevor er 785 zum Christentum konvertierte Widukind
50%
Kurbad und Hauptsitz der britischen Militärregierung nach dem 2. Weltkrieg Bad Oeynhausen
44%
Große Handelsstraße, die seit dem Mittelalter zwischen Duisburg und obigem Kloster verlief Hellweg
39%
Zentrales sächsisches Heiligtum, welches sich wahrscheinlich im heutigen Obermarsberg befand und 772 zerstört wurde Irminsul
39%
Er war 1807-1813 Staatsoberhaupt des Königreichs Westfalen (ganzer Name) Jérôme Bonaparte
39%
...und (3) im Osten von der Grenze zu Thüringen bis nach Hamburg: Ostfalen
39%
Regelsammlung zur Sebstverwaltung von Städten, die zuerst von einer westfälischen Stadt aufgestellt und später u.a. von Lübeck übernommen wurden {Soest}er Stadtrecht
39%
Dichterin und Autorin von "Die Judenbuche", die auf dem 20-Markschein abgebildet war Annette von Droste-Hülsoff
28%
Im Früh- und Hochmittelalter wurde das Stammesherzogtum Sachsen von drei Teilen dominiert. (1) im Westen Westfalen. (2) in der Mitte von Nordhessen bis Schleswig:... Engern
28%
Westfälische Bezeichnung für fahrende Händler, die einen Korb auf dem Rücken trugen und Nahrungsmittel und Neuigkeiten brachten. Die Tracht der Kirchhellener Brezelbrüder (u.a. blauer Kittel, rotes Halstuch, Schirmmütze) ist ihnen nachempfunden. Kiepenkerl
22%
Erster Bischof von Münster und Gründer der Abtei Werden Liudger | Ludgerus
22%
Grafschaften, die 1521-1614 zu den Vereinigten Herzogtümern Jülich-Kleve-Berg gehörten, bevor sie Brandenburg/Preußen zugeschlagen wurden. (1) mit Residenz Bielefeld Ravensberg
22%
Bischof von Münster 1933-1946 und Kardinal, der bekannte Predigten gegen die Euthanasie hielt Clemens August Graf von Galen
17%
(2) mit Residenz Hamm/Altena Mark
17%
Von 1816 bis 1947 bestehender Regierungsbezirk, der im Regierungsbezirk Detmold aufging Minden
11%
Erster Ministerpräsident von NRW (Zentrum) und vorher Regierungspräsident von Münster Rudolf Amelunxen
6%
Verden
6%
Keine übereinstimmenden Quizze gefunden
Verteilung der Resultate
Anzahl Personen mit jedem Resultat
Perzentil nach korrekt beantworteten Fragen
Ihre Resultats-Entwicklung
Sie haben dieses Quiz noch nicht gespielt